000 00511nam a22001697a 4500
005 20260430090805.0
008 260430b |||||||| |||| 00| 0 eng d
020 _a9780406000507
_qhbk
041 _aeng
082 _a348.42 ALL(R)
245 _aThe All England Law Reports Rprint
_bBeing a Selection from the LAW TIMES REPORTS 1843-1935
260 _aLondon
_bButterworth & Co. (Publishers) Ltd.
_c1958
300 _a855p. :
_c25cm
504 _aindex
650 _aLaws, regulations & cases
942 _cBRA
999 _c621635
_d621635